000
00297nam a22001337a 4500
008
180201b xxu||||| |||| 00| 0 eng d
020
_a
9780072287950
041
_a
eng
080
_a
371
100
_a
46
101
_a
EDU
245
_a
Teachers, Schools, Society
_c
Sadker, M.P
942
_2
udc
_c
BK
999
_c
41453
_d
41453